[Event "Berlin-ch Seniors op 25th"]
[Site "Berlin"]
[Date "2009.02.19"]
[Round "8"]
[White "Wagner, Klaus Dieter"]
[Black "Petig, Joerg"]
[Result "1/2-1/2"]
[WhiteElo "1504"]
[BlackElo "1435"]
[PlyCount "39"]
[EventDate "2009.02.12"]
[EventType "swiss"]
[EventRounds "9"]
[EventCountry "GER"]
[SourceTitle "EXT 2022"]
[Source "ChessBase"]
[SourceDate "2021.10.06"]
[SourceVersion "1"]
[SourceVersionDate "2021.10.06"]
[SourceQuality "1"]

1. d4 Nf6 2. Nf3 e6 3. a3 d5 4. Bg5 Be7 5. e3 0-0 6. c4 b6 7. Nbd2 Bb7 8. Bd3 h6 9. Bh4 Nbd7 10. b4 dxc4 11. Nxc4 Ne4 12. Bxe7 Qxe7 13. 0-0 a6 14. Qc2 Ng5 15. Nxg5 Qxg5 16. Be4 Bxe4 17. Qxe4 Ra7 18. Rac1 Qd8 19. Rfd1 Qe7 20. Qf4 1/2-1/2

[Event "Berlin-ch Seniors op 24th"]
[Site "Berlin"]
[Date "2008.02.29"]
[Round "9"]
[White "Voelker, Thomas"]
[Black "Wagner, Klaus Dieter"]
[Result "1-0"]
[WhiteElo "1777"]
[BlackElo "1611"]
[PlyCount "69"]
[EventDate "2008.02.21"]
[EventType "swiss"]
[EventRounds "9"]
[EventCountry "GER"]
[SourceTitle "EXT 2022"]
[Source "ChessBase"]
[SourceDate "2021.10.06"]
[SourceVersion "1"]
[SourceVersionDate "2021.10.06"]
[SourceQuality "1"]

1. Nf3 Nf6 2. c4 e6 3. Nc3 b6 4. g3 Bb7 5. Bg2 Be7 6. 0-0 0-0 7. d4 d5 8. cxd5 Nxd5 9. a3 c5 10. Nxd5 Bxd5 11. dxc5 Bxc5 12. b4 Be7 13. Bb2 Bf6 14. Qc2 Nd7 15. Rad1 Bxb2 16. Qxb2 Qf6 17. Qd4 Qxd4 18. Nxd4 Bxg2 19. Kxg2 Ne5 20. f4 Nc4 21. Rd3 Rfd8 22. Ra1 Kf8 23. Kf3 Rd7 24. Nxe6+ Ke7 25. Rxd7+ Kxd7 26. Nxg7 Rc8 27. Rd1+ Ke7 28. Rd3 Kf6 29. Nh5+ Kg6 30. g4 h6 31. h4 f5 32. Ng3 fxg4+ 33. Kxg4 Re8 34. h5+ Kf6 35. e4 1-0

[Event "Berlin-ch Seniors op 24th"]
[Site "Berlin"]
[Date "2008.02.28"]
[Round "8"]
[White "Wagner, Klaus Dieter"]
[Black "Scholz, Detlef"]
[Result "1-0"]
[WhiteElo "1611"]
[BlackElo "1391"]
[PlyCount "117"]
[EventDate "2008.02.21"]
[EventType "swiss"]
[EventRounds "9"]
[EventCountry "GER"]
[SourceTitle "EXT 2022"]
[Source "ChessBase"]
[SourceDate "2021.10.06"]
[SourceVersion "1"]
[SourceVersionDate "2021.10.06"]
[SourceQuality "1"]

1. d4 d5 2. Nf3 Nf6 3. Bg5 Ne4 4. Bh4 f6 5. e3 Bg4 6. Be2 Qd7 7. Nbd2 Nc6 8. a3 g5 9. Bg3 h5 10. h3 Nxg3 11. fxg3 Bf5 12. Nh2 g4 13. hxg4 hxg4 14. Ndf1 0-0-0 15. Bd3 e6 16. Qe2 e5 17. dxe5 Nxe5 18. Bxf5 Qxf5 19. 0-0-0 Bc5 20. Nd2 Qe6 21. Nb3 Bb6 22. Nd4 Qd7 23. Rdf1 Rhf8 24. Rf4 Rde8 25. Kb1 Bxd4 26. Rxd4 f5 27. Nf1 c5 28. Rd1 Nc4 29. Qd3 Rd8 30. Nd2 Ne5 31. Qc3 Qc7 32. Rh5 b6 33. Rf1 Qd6 34. Rhxf5 Rxf5 35. Rxf5 Nc4 36. Rf4 Ne5 37. Qb3 Kb7 38. Qb5 a6 39. Qf1 Rd7 40. Rf6 Qc7 41. Qf4 Re7 42. e4 d4 43. Rf5 b5 44. Nb3 Re6 45. Nc1 c4 46. Rf6 Qd6 47. Rf5 Kb6 48. Qf2 Kc6 49. Qd2 c3 50. bxc3 Nc4 51. Qxd4 Qxd4 52. cxd4 Nxa3+ 53. Ka2 Rxe4 54. Kxa3 Rxd4 55. Rf4 b4+ 56. Kb3 Kc5 57. Nd3+ Kd5 58. Nxb4+ Rxb4+ 59. Kxb4 1-0

[Event "Berlin-ch Seniors op 24th"]
[Site "Berlin"]
[Date "2008.02.23"]
[Round "3"]
[White "Wagner, Klaus Dieter"]
[Black "Hohn, August"]
[Result "0-1"]
[WhiteElo "1611"]
[BlackElo "2003"]
[PlyCount "52"]
[EventDate "2008.02.21"]
[EventType "swiss"]
[EventRounds "9"]
[EventCountry "GER"]
[SourceTitle "EXT 2022"]
[Source "ChessBase"]
[SourceDate "2021.10.06"]
[SourceVersion "1"]
[SourceVersionDate "2021.10.06"]
[SourceQuality "1"]

1. d4 Nf6 2. Nf3 e6 3. a3 b6 4. Bg5 Bb7 5. e3 Be7 6. Bd3 Ne4 7. Bxe7 Qxe7 8. 0-0 d6 9. Nbd2 f5 10. h3 Nd7 11. c4 0-0 12. Qc2 Nxd2 13. Nxd2 Qg5 14. e4 e5 15. d5 f4 16. Nf3 Qe7 17. Nh2 Nf6 18. Be2 Rae8 19. Ng4 Bc8 20. Nxf6+ Rxf6 21. Kh2 f3 22. Bxf3 Rxf3 23. gxf3 Qh4 24. Qd2 Qxh3+ 25. Kg1 Rf8 26. Qg5 Rf6 0-1

[Event "Oberjoch op"]
[Site "Oberjoch"]
[Date "2002.??.??"]
[Round "7"]
[White "Wagner, Klaus Dieter"]
[Black "Oettel, Lothar"]
[Result "1/2-1/2"]
[WhiteElo "1407"]
[BlackElo "1878"]
[PlyCount "41"]
[EventDate "2002.??.??"]
[EventType "swiss"]
[EventRounds "9"]
[EventCountry "GER"]
[SourceTitle "EXT 2004"]
[Source "ChessBase"]
[SourceDate "2003.11.25"]
[SourceVersion "1"]
[SourceVersionDate "2003.11.25"]
[SourceQuality "1"]

1. e4 c5 2. Nc3 Nc6 3. g3 g6 4. Bg2 Bg7 5. Nf3 e6 6. d3 Nge7 7. 0-0 0-0 8. Be3 Nd4 9. Qd2 d5 10. Bh6 Nec6 11. Bxg7 Kxg7 12. Rae1 Nxf3+ 13. Bxf3 d4 14. Ne2 Rb8 15. Nf4 Qc7 16. Bd1 b5 17. Nh5+ gxh5 18. Qg5+ Kh8 19. Qf6+ Kg8 20. Qg5+ Kh8 21. Qf6+ 1/2-1/2

[Event "Oberjoch op"]
[Site "Oberjoch"]
[Date "2002.??.??"]
[Round "6"]
[White "Wagner, Klaus Dieter"]
[Black "Wolf, Rudolf"]
[Result "1-0"]
[WhiteElo "1407"]
[BlackElo "1450"]
[PlyCount "115"]
[EventDate "2002.??.??"]
[EventType "swiss"]
[EventRounds "9"]
[EventCountry "GER"]
[SourceTitle "EXT 2004"]
[Source "ChessBase"]
[SourceDate "2003.11.25"]
[SourceVersion "1"]
[SourceVersionDate "2003.11.25"]
[SourceQuality "1"]

1. e4 c5 2. Nc3 Nc6 3. g3 d6 4. Nf3 Bg4 5. Bg2 Ne5 6. d3 g6 7. h3 Bxf3 8. Bxf3 Nxf3+ 9. Qxf3 Bg7 10. 0-0 Rb8 11. Be3 Qa5 12. Bd2 Qb6 13. Rab1 Nf6 14. Bg5 0-0 15. Bxf6 exf6 16. Nd5 Qd8 17. Kg2 Re8 18. g4 Re5 19. Qg3 Qa5 20. f4 Re6 21. f5 Re5 22. fxg6 fxg6 23. Nxf6+ Bxf6 24. Rxf6 Rf8 25. Rxf8+ Kxf8 26. Rf1+ Kg7 27. Qf2 Qd8 28. Qf7+ Kh8 29. Qf8+ Qxf8 30. Rxf8+ Kg7 31. Rd8 Re7 32. Rxd6 a5 33. b3 Kf7 34. Kg3 Rc7 35. Kf4 Ke7 36. Rb6 Kd7 37. Kg5 Kc8 38. Rf6 Kb8 39. h4 Ka7 40. c4 Rd7 41. Rf3 a4 42. bxa4 Ka6 43. e5 Ka5 44. e6 Rd8 45. e7 Re8 46. Rf7 Kxa4 47. Rxh7 b5 48. cxb5 Kxb5 49. Kxg6 Kb4 50. Kf7 Ra8 51. e8Q Rxe8 52. Kxe8 Kc3 53. Rc7 Kxd3 54. Rxc5 Kd4 55. Rc1 Ke4 56. a4 Kf4 57. g5 Kg4 58. Rh1 1-0

[Event "Merano Gold Cup 29th"]
[Site "Merano"]
[Date "2001.??.??"]
[Round "1"]
[White "Simon, Eberhard"]
[Black "Wagner, Klaus Dieter"]
[Result "1-0"]
[WhiteElo "1819"]
[BlackElo "1383"]
[PlyCount "71"]
[EventDate "2001.05.??"]
[EventType "swiss"]
[EventRounds "9"]
[EventCountry "ITA"]
[SourceTitle "EXT 2005"]
[Source "ChessBase"]
[SourceDate "2004.11.15"]
[SourceVersion "1"]
[SourceVersionDate "2004.11.15"]
[SourceQuality "1"]

1. e4 c5 2. Nc3 e6 3. f4 Nc6 4. Nf3 Be7 5. Bb5 a6 6. Bxc6 bxc6 7. 0-0 d5 8. d3 d4 9. Ne2 Qc7 10. Qe1 Nf6 11. Qg3 0-0 12. Kh1 Bd7 13. Ne5 Nh5 14. Qh3 g6 15. g4 Ng7 16. Nxd7 Qxd7 17. f5 exf5 18. gxf5 f6 19. Bh6 Rf7 20. Nf4 Bd6 21. fxg6 Qxh3 22. gxf7+ Kxf7 23. Nxh3 Ne6 24. Ng5+ Nxg5 25. Bxg5 Be5 26. Rf5 Ke6 27. Bh4 Rg8 28. Rg1 Rg6 29. Rh5 Rxg1+ 30. Kxg1 Bf4 31. Rxh7 f5 32. exf5+ Kxf5 33. Kg2 Kg6 34. Re7 Kh5 35. Bg3 Bc1 36. Re5+ 1-0

[Event "Merano Gold Cup 29th"]
[Site "Merano"]
[Date "2001.??.??"]
[Round "6"]
[White "Wagner, Klaus Dieter"]
[Black "Kraemer, Franz Josef"]
[Result "0-1"]
[WhiteElo "1383"]
[BlackElo "1704"]
[PlyCount "94"]
[EventDate "2001.05.??"]
[EventType "swiss"]
[EventRounds "9"]
[EventCountry "ITA"]
[SourceTitle "EXT 2005"]
[Source "ChessBase"]
[SourceDate "2004.11.15"]
[SourceVersion "1"]
[SourceVersionDate "2004.11.15"]
[SourceQuality "1"]

1. e4 e5 2. Nf3 Nf6 3. Nc3 Nc6 4. Bb5 Bc5 5. Bxc6 dxc6 6. 0-0 Bg4 7. d3 h6 8. Be3 Bd6 9. h3 Bh5 10. g4 Bg6 11. Nh4 Nxe4 12. Nxg6 Nxc3 13. bxc3 fxg6 14. Qf3 Rf8 15. Qg2 Qh4 16. Rae1 0-0-0 17. f3 Rde8 18. Bf2 Qf6 19. Bg3 g5 20. Re4 Qf7 21. c4 Re6 22. Qe2 Qe7 23. d4 Qf7 24. Kg2 Rfe8 25. c5 Be7 26. Bxe5 Bf6 27. c4 Qe7 28. Re1 Bxe5 29. Rxe5 Rxe5 30. Qxe5 Qxe5 31. dxe5 Kd7 32. f4 gxf4 33. Kf3 Ke6 34. Ke4 Rd8 35. a4 b6 36. cxb6 cxb6 37. h4 c5 38. Kxf4 Rd4+ 39. Kg3 Rxc4 40. g5 hxg5 41. hxg5 Rxa4 42. Rf1 Re4 43. g6 Rxe5 44. Kg4 Rd5 45. Rf7 Rd7 46. Rf1 c4 47. Re1+ Kf6 0-1

[Event "Merano Gold Cup 29th"]
[Site "Merano"]
[Date "2001.??.??"]
[Round "5"]
[White "Wagner, Klaus Dieter"]
[Black "Schultheisz, Egon"]
[Result "0-1"]
[WhiteElo "1383"]
[BlackElo "1715"]
[PlyCount "112"]
[EventDate "2001.05.??"]
[EventType "swiss"]
[EventRounds "9"]
[EventCountry "ITA"]
[SourceTitle "EXT 2005"]
[Source "ChessBase"]
[SourceDate "2004.11.15"]
[SourceVersion "1"]
[SourceVersionDate "2004.11.15"]
[SourceQuality "1"]

1. e4 e6 2. Nf3 d5 3. exd5 exd5 4. d4 Bd6 5. Be2 Ne7 6. 0-0 0-0 7. Re1 c6 8. c3 Qc7 9. Bd3 Ng6 10. Nbd2 Nd7 11. Nf1 Nf6 12. Bxg6 hxg6 13. Ne5 Re8 14. Bf4 Nh5 15. g3 Nxf4 16. gxf4 Bf5 17. Ne3 f6 18. Nxf5 gxf5 19. Ng6 Bxf4 20. Rxe8+ Rxe8 21. Qh5 Bh6 22. f4 Qd7 23. Qf3 Qe6 24. Kf2 Kf7 25. Rg1 Qe4 26. Qxe4 fxe4 27. Ke3 a5 28. b3 Ke6 29. Nh4 Bxf4+ 30. Kxf4 g5+ 31. Ke3 gxh4 32. Rg7 Re7 33. Rg8 Rf7 34. Ra8 f5 35. Rxa5 f4+ 36. Kf2 Rg7 37. Ra8 h3 38. Re8+ Kd7 39. Rh8 Rg2+ 40. Kf1 Rxh2 41. Rh7+ Kc8 42. Kg1 Rg2+ 43. Kh1 Rg3 44. Kh2 Rxc3 45. Rh8+ Kc7 46. Rxh3 Rxh3+ 47. Kxh3 e3 48. Kg2 e2 49. Kf2 f3 50. a4 Kb6 51. b4 Ka6 52. Ke1 b6 53. Kf2 Kb7 54. Ke1 c5 55. dxc5 bxc5 56. bxc5 Kc6 0-1